Tratado de libre comercio entre Chile y Japón: acuerdo entre la república de Chile y Japón para una asociación económica estratégica
Zapisane w:
| Format: | Książka |
|---|---|
| Język: | hiszpański |
| Wydane: |
Santiago
LexisNexis
2007
|
| Wydanie: | 1a. ed |
| Hasła przedmiotowe: | |
| Etykiety: |
Dodaj etykietę
Nie ma etykietki, Dołącz pierwszą etykiete!
|
MARC
| LEADER | 00000nam a2200000 a 4500 | ||
|---|---|---|---|
| 001 | UCI3831 | ||
| 003 | CL-VaPUC | ||
| 008 | 071130e20070000CL |||||||||||||||||spa|d | ||
| 020 | |a 9789562387125 | ||
| 082 | 0 | 4 | |a 341.52 |b TRA |2 21 |
| 245 | 1 | 0 | |a Tratado de libre comercio entre Chile y Japón: acuerdo entre la república de Chile y Japón para una asociación económica estratégica |
| 250 | |a 1a. ed | ||
| 300 | |a 333 p | ||
| 942 | |c BK | ||
| 945 | |d 20071130 00:00:00 |a jtorresc | ||
| 260 | |a Santiago |b LexisNexis |c 2007 | ||
| 650 | 0 | |a Derecho internacional |9 255637 | |
| 650 | 0 | |a Tratados internacionales |9 256056 | |
| 650 | 0 | |a Derecho aduanero |9 324531 | |
| 650 | 0 | |a Jurisprudencia |9 255952 | |
| 650 | 0 | |a Libre comercio |9 323018 | |
| 650 | 7 | |a COMERCIO INTERNACIONAL |2 CL-VaPUC |9 525360 | |
| 651 | 7 | |a CHILE |2 CL-VaPUC |9 525361 | |
| 651 | 0 | |a Japón |9 260391 | |
| 583 | |a last modification |c 20071130 00:00:00 |k Rodrigo Vera | ||
| 999 | |c 327892 |d 327890 | ||
| 952 | |0 0 |1 0 |4 0 |6 341_520000000000000_TRA_2007 |7 0 |8 A |9 411419 |a BIBDER |b BIBDER |d 2019-11-22 |i 439237K |o 341.52 TRA 2007 |p 439237K |r 2023-01-25 |w 2019-11-22 |y BK |k DER | ||